000 00744nam a22002537a 4500
003 UA-OsUOA
001 48248
007 ta
008 20121227b un ||||| |||| 00| 0 ukr d
100 _aЛазебник С.
700 _aГавур О.
090 _a82-92
_bЛ17
942 _cBK
040 _aUA-OsUOA
_bukr
_cUA-OsUOA
_dUA-OsUOA
245 _aРоздуми на мосту з двобічним рухом
300 _a270 с.
955 _a4
041 _aukr
080 _a82-92
260 _aК.
_bЕтнос
_c2004
650 7 _a82 Література. Літературознавство
_2UDC
999 _c428354
_d428354